Nehnuteľnosti ako jedna z foriem alternatívneho investovania bakalárska práca

Gespeichert in:
Bibliographische Detailangaben
1. Verfasser: Pecko, Filip
Körperschaft: Fakulta podnikového manažmentu EU. Katedra podnikových financií
Weitere Verfasser: Škriniar, Pavel, 1979-
Format: Buch
Sprache:Slowakisch
Veröffentlicht: Bratislava 2017
Tags: Tag hinzufügen
Keine Tags, Fügen Sie das erste Tag hinzu!

MARC

LEADER 00000nbm a2200000 4500
001 0232137
005 20171009145154.1
041 0 |a slo 
044 |a SK 
245 1 0 |a Nehnuteľnosti ako jedna z foriem alternatívneho investovania  |b bakalárska práca  |c Filip Pecko ; školiteľ: Pavel Škriniar 
264 1 |a Bratislava  |c 2017 
300 |a 47 s. 
100 1 |a Pecko, Filip 
700 1 |a Škriniar, Pavel, 1979- 
710 2 |a Fakulta podnikového manažmentu EU. Katedra podnikových financií